| 000 | 00524nam a2200193Ia 4500 | ||
|---|---|---|---|
| 003 | OSt | ||
| 005 | 20211014045407.0 | ||
| 008 | 151021s9999 xx 000 0 und d | ||
| 020 | _a205408281 | ||
| 040 |
_aMMU _beng _cMMU _dMMU |
||
| 050 | _aBF 76.78 .K45 2004 | ||
| 245 |
_aResearch Navigator Guide Psychology/ _c Brian M. Kelly. |
||
| 260 |
_aBoston : _b Pearson , _c2004. |
||
| 300 | _av, 122 p. : | ||
| 500 | _aIncludes index | ||
| 500 | _aIncludes index | ||
| 650 |
_aPsychology _9439 |
||
| 942 |
_2lcc _cLOAN LOAN |
||
| 999 |
_c13138 _d13138 |
||